000 00198nam a2200109Ia 4500
100 _a#N/A
942 _cBK
245 _aManorama Year Book 2012
260 _b#N/A
546 _aENGLISH
999 _c25737
_d25737